000 00425nas a2200157 a 4500
001 48124
003 117766
005 20201118102349.0
008 ||||||n9999 ||| || ||
041 _aspa
245 0 _aAdministración y Desarrollo - No.33
260 _aBogotá :
_bEscuela Superior de Administración Pública - ESAP,
_c1993.
562 _e6
773 _016712
_aAdministración y Desarrollo
942 _cSISS
999 _c48124
_d48124